| 000 | 01486nam a2200301 a 4500 | ||
|---|---|---|---|
| 001 | ASIN0077395093 | ||
| 005 | 20170105102850.0 | ||
| 008 | 130820s2010 xxu eng d | ||
| 020 | _a0077395093 (paperback) | ||
| 020 | _a9780077395094 (paperback) | ||
| 040 | _a0 | ||
| 050 | 0 | 4 | _aKF384.A2 |
| 082 | 0 | 4 | _a349.73 |
| 245 | 1 | 0 |
_aTaking sides : _bclashing views on legal issues, 14th expanded edition / _cM. Ethan Katsh. |
| 250 | _a14th ed. | ||
| 260 |
_a[S.l.] : _bMcGraw-Hill, _c2010. |
||
| 300 |
_a448 p. ; _c24 cm. |
||
| 520 | _aTaking Sides volumes present current controversial issues in a debate-style format designed to stimulate student interest and develop critical thinking skills. Each issue is thoughtfully framed with an issue summary, an issue introduction, and a postscript or challenge questions. Taking Sides readers feature an annotated listing of selected World Wide Web sites. An online Instructor’s Resource Guide with testing material is available for each volume. Using Taking Sides in the Classroom is also an excellent instructor resource. Visit www.mhhe.com/takingsides for more details. | ||
| 650 | 0 | _aConstitutional law | |
| 650 | 0 | _aJustice, Administration of | |
| 650 | 0 | _aLaw | |
| 650 | 0 | _aLaw--Social aspects | |
| 650 | 0 | _aPolitical questions and judicial power | |
| 650 | 0 | _aUnited States | |
| 700 | 1 | _aKatsh, M. Ethan. | |
| 856 | 4 | 0 |
_3Amazon.com _uhttp://www.amazon.com/exec/obidos/ASIN/0077395093/chopaconline-20 |
| 942 |
_2ddc _cBK |
||
| 999 |
_c14222 _d14222 |
||